• 首页
  • 本馆介绍
  • 公告通知
  • 最新文献
  • 馆藏检索
  • 电子资源
  • 读者导购
  • 参考咨询
  • 我的图书馆
  • 登录
  • 详细信息显示
  • 放入我的书架
  • 预约/预借图书
  • 作者相关作品
  • 分类相关作品
  • 丛书相关作品
  • 出版社相关作品

书目信息

  • 表格格式
  • 工作单格式
  • 卡片格式
题名:
少先队基础知识问答
    
 
作者: 傅忠道 主编
分册:  
出版信息: 北京   中国青年出版社  2003
页数: 638页
开本: 20cm
丛书名:
单 册:
中图分类: D432.51
科图分类:
主题词:
电子资源:
ISBN: 7-5006-5386-7
000 00766nam0 2200229 45
001 002619883
005 20050104080349.9
010    @a7-5006-5386-7@dCNY32.00
100    @a20040405d2003 am y0chiy0110 ea
101 0  @achi
102    @aCN@b110000
105    @ay z 000yy
200 1  @a少先队基础知识问答@Ashao xian dui ji chu zhi shi wen da@f傅忠道主编@FFu Zhong Dao Zhu Bian
210    @a北京@c中国青年出版社@d2003
215    @a638页@d20cm
300    @a共青团中央教材编审委员会统编教材
330    @a本书运用通俗简洁的文字系统地讲述了队章知识、组织知识、组织建设、组织教育、组织活动、工作制度等少先队基础知识。
601 02 @a中国少年先锋队
690    @aD432.51@v4
701  0 @a傅忠道@4主编
801  0 @aCN@bNLC@c20040511
905    @b341377-379@dD432.51@e148@f3
    
    少先队基础知识问答/傅忠道主编.-北京:中国青年出版社,2003
    638页;20cm
    共青团中央教材编审委员会统编教材
    
    ISBN 7-5006-5386-7:CNY32.00
    本书运用通俗简洁的文字系统地讲述了队章知识、组织知识、组织建设、组织教育、组织活动、工作制度等少先队基础知识。
●
相关链接 在E读中查询图书 在五车中查询图书 在当当中查询图书 在豆瓣中查询图书


正题名:少先队基础知识问答     索取号:D432.51/148         预约/预借

序号 登录号 条形码 馆藏地/架位号 状态 备注
1 0341377   203413779   第一样本阅览室/ [索取号:D432.51/148] 在馆    
2 0341378   203413788   第一借阅区/ [索取号:D432.51/148] 在馆    
3 0341379   203413797   第一借阅区/ [索取号:D432.51/148] 在馆    
唐山师范学院图书馆 欢迎您!
大连网信软件有限公司© 版权所有